Loading...
| Fine Arts - Classical Music | 3 | 23.33 | 100% | 100% | 33% |
| Fine Arts - Other Fine Arts | 3 | 23.33 | 100% | 100% | 33% |
| Fine Arts - Visual Fine Arts | 6 | 26.67 | 100% | 100% | 67% |
| Geography/Current Events | 3 | 16.67 | 100% | 33% | 33% |
| History - American History | 7 | 10.00 | 86% | 14% | 0% |
| History - European History | 4 | 15.00 | 100% | 50% | 0% |
| History - Other History | 5 | 24.00 | 100% | 100% | 40% |
| History - World History | 4 | 12.50 | 100% | 25% | 0% |
| Literature - American Literature | 4 | 20.00 | 100% | 75% | 25% |
| Literature - British Literature | 5 | 18.00 | 100% | 60% | 20% |
| Literature - European Literature | 4 | 20.00 | 100% | 75% | 25% |
| Literature - World/Other Literature | 4 | 20.00 | 100% | 100% | 0% |
| Mythology | 5 | 30.00 | 100% | 100% | 100% |
| Other Academic | 2 | 20.00 | 100% | 100% | 0% |
| Philosophy | 8 | 17.50 | 100% | 63% | 13% |
| Religion | 4 | 15.00 | 100% | 50% | 0% |
| Science - Biology | 8 | 16.25 | 100% | 63% | 0% |
| Science - Chemistry | 6 | 18.33 | 83% | 67% | 33% |
| Science - Other Science | 4 | 27.50 | 100% | 100% | 75% |
| Science - Physics | 2 | 25.00 | 100% | 100% | 50% |
| Social Science | 6 | 15.00 | 100% | 33% | 17% |
| World/Other Literature> | 1 | 30.00 | 100% | 100% | 100% |